000
00317nam a22001337a 4500
020
_a
0-89747-046-X
082
_a
623.74752 TUN'C
100
_a
TUNBRIDGE, STEPHEN
_9
75059
245
_a
CENTURION IN ACTION
260
_a
USA
_b
SQUADRON SIGNAL
_c
1976
300
_a
50P
650
_a
TANK-CENTURION
_9
75060
942
_c
BK
999
_c
580548
_d
580548